Puebla (Registro nro. 436467)

Detalles MARC
000 -LÍDER
Campo fijo de descripción fija 00765nam a22002537a 4500
003 - IDENTIFICADOR DEL NÚMERO DE CONTROL
Campo de control BCEG
005 - FECHA Y HORA DE LA ULTIMA TRANSACCIÓN
control field 20250723162106.0
008 - ELEMENTOS DE LONGITUD FIJA -- INFORMACIÓN GENERAL
Campo fijo de descripción fija -- Información general 250723s2010 mx|||||| |||| 00| 0 spa d
020 ## - ISBN
Isbn 9786077662006
040 ## - FUENTE DE CATALOGACIÓN
Agencia de catalogación original BCEG
Idioma de catalogación spa
Agencia que realiza la transcripción BCEG
082 04 - NÚMERO DE CLASIFICACIÓN DECIMAL DEWEY
Número de clasificación 720.97248
Clave de autor-Numero de item C355p
100 1# - ASIENTO PRINCIPAL--NOMBRE PERSONAL
Nombre del autor personal Castro Morales, Efraín,
Fechas asociadas con el nombre 1936-.
245 10 - TÍTULO PROPIAMENTE DICHO
Título Puebla
Otra información sobre el título - Subtitulo : patrimonio recuperado.
260 ## - PUBLICACIÓN, DISTRIBUCIÓN, ETC. (PIE DE IMPRENTA)
Lugar de publicación, distribución, etc. Puebla, Puebla :
Nombre del editor, distribuidor, etc. Fundación Mary Street Jenkins,
Fecha de publicación, distribución, etc. 2010.
300 ## - DESCRIPCIÓN FÍSICA
Extensión 199 p.
Otros detalles físicos : fots.
504 ## - NOTA DE BIBLIOGRAFÍA, ETC.
Nota de bibliografía, etc Incluye bibliografía.
541 ## - NOTA DE FUENTE INMEDIATA DE ADQUISICIÓN
Nota de fuente de adquisición Donación.
650 14 - ASIENTO SECUNDARIO DE MATERIA - TERMINO TEMÁTICO
Término temático o nombre geográfico como elemento de entrada Patrimonio arquitectónico
Subdivisión general Historia
Subdivisión geográfica Puebla (México).
700 ## - ASIENTO SECUNDARIO - NOMBRE PERSONAL
Nombre personal Hurtado, Juan Miguel,
Función o responsabilidad del autor ed.
700 1# - ASIENTO SECUNDARIO - NOMBRE PERSONAL
Nombre personal Lazo, Norma,
Función o responsabilidad del autor coord.
700 1# - ASIENTO SECUNDARIO - NOMBRE PERSONAL
Nombre personal Calderwood, Michael,
Función o responsabilidad del autor fot.
942 ## - TIPO DE MATERIAL (KOHA)
Tipo de Item KOHA Libro
Existencias
No para Préstamo Colección Biblioteca de Origen Biblioteca Permanente Fecha de Adquisición Fuente de Adquisicion Total de Préstamos Signatura Topográfica Código de Barras Última vez visto Tipo de Material
Material en Reserva General Biblioteca Central Estatal de Guanajuato, "Wigberto Jiménez Moreno" Biblioteca Central Estatal de Guanajuato, "Wigberto Jiménez Moreno" 23/07/2025 DONAD-DGB   720.97248 C355p BCEG8655230090 26/08/2025 Libro